Biennial report of the Commissioner of Highways of Minnesota for 1927 - 1928
Descripción Física:
168 p., [5] f. plegats : il., taules ; 23 cm
MARC
| LEADER | 00000nam a2200000Ia 4500 | ||
|---|---|---|---|
| 001 | 23610 | ||
| 008 | 160829s1929 xx 000 0 cat d | ||
| 080 | |a C-3-411 | ||
| 245 | |a Biennial report of the Commissioner of Highways of Minnesota for 1927 - 1928 | ||
| 260 | |a Minneapolis : |b Syndicate Printing Co., |c 1929 | ||
| 300 | |a 168 p., [5] f. plegats : |b il., taules ; |c 23 cm | ||
| 590 | |a Prové del fons d'Obres Públiques. | ||
| 650 | |a Carreteres |x Minnesota (Estats Units d'Amèrica) |9 49016 | ||
| 901 | |a Arxiu | ||
| 942 | |n 1 | ||
| 952 | |0 0 |1 0 |4 0 |6 C3411 |7 1 |9 55039 |a Arxiu |b Arxiu |d 2012-08-22 |l 0 |o C-3-411 |p 23610 |r 2016-12-01 00:00:00 |w 2016-12-01 |y ARXIU | ||
| 999 | |c 58909 |d 58909 | ||